Spoločenská zodpovednosť organizácií a značka zamestnávateľov

Staro-nový trend - employer branding, t. j. značka zamestnávateľov. Vytvorenie imidžu organizácie ako dôveryhodného zamestnávateľa. Spoločenská zodpovednosť organizácie (CSR) a jej miesto v zamestnávateľskej značke. Podpora CSR, posilňovanie zamestnávateľskej značky a potenciál prilákať a udržať zam...

Descrizione completa

Salvato in:
Dettagli Bibliografici
Autore principale: Németh, Hajnalka
Natura: Capitolo di libro
Lingua:slovacco
Soggetti:
Tags: Aggiungi Tag
Nessun Tag, puoi essere il primo ad aggiungerne!!

MARC

LEADER 00000naa a2200000 4500
001 0242923
005 20180516124534.4
041 0 |a slo 
044 |a SK 
245 1 0 |a Spoločenská zodpovednosť organizácií a značka zamestnávateľov  |c Hajnalka Németh 
520 |a Staro-nový trend - employer branding, t. j. značka zamestnávateľov. Vytvorenie imidžu organizácie ako dôveryhodného zamestnávateľa. Spoločenská zodpovednosť organizácie (CSR) a jej miesto v zamestnávateľskej značke. Podpora CSR, posilňovanie zamestnávateľskej značky a potenciál prilákať a udržať zamestnancov. CSR a značka zamestnávateľa - dôležitý atribút pre konkurencieschopnosť organizácie. 
610 2 0 |a zodpovednosť spoločenská 
610 2 0 |a zodpovednosť podniku spoločenská 
610 2 0 |a značky 
610 2 0 |a zamestnávatelia 
610 2 0 |a zamestnanci 
100 1 |a Németh, Hajnalka